000 00280 a2200109 4500
001 62600
082 _a352.002 GOP
090 _c37204
_d37204
245 _aOmbudsman (Mohtasib) Punjab Annual Report (2002)
_hEnglish
260 _aLahore
_bObb Punjab Lahore
300 _a265 XV p
942 _aCAE NUST
_k352.002 GOP
999 _c297673
_d297673